[Event "15th EUR-ch (w)"]
[Site "Plovdiv BUL"]
[Date "2014.07.10"]
[Round "5.46"]
[White "Petrenko, Svetlana"]
[Black "Azimova, Karina"]
[Result "1-0"]
[WhiteElo "2183"]
[BlackElo "2033"]
[EventDate "2014.07.06"]
[PlyCount "59"]

1.e4 c5 2.Nf3 g6 3.c4 Qa5 4.Be2 Bg7 5.O-O Nc6 6.d3 d6 7.h3 e6 8.Na3 a6 9.
Bd2 Qb6 10.Rb1 Nge7 11.Nc2 O-O 12.b4 Qd8 13.a3 b6 14.Qc1 Re8 15.Bh6 Bh8 
16.Nh2 d5 17.Rd1 Qc7 18.Ng4 f5 19.exf5 Nxf5 20.cxd5 exd5 21.Bf3 Be6 22.Bf4
Qd7 23.bxc5 bxc5 24.Nce3 Bd4 25.Nxf5 Bxf5 26.Nh6+ Kh8 27.Nxf5 Qxf5 28.Rb7 
Ne5 29.Bxe5+ Rxe5 30.Qh6 1-0

[Event "15th EUR-ch (w)"]
[Site "Plovdiv BUL"]
[Date "2014.07.10"]
[Round "5.47"]
[White "Topel, Zehra"]
[Black "Avramidou, Anastasia"]
[Result "1/2-1/2"]
[WhiteElo "2170"]
[BlackElo "2007"]
[EventDate "2014.07.06"]
[PlyCount "118"]

1.d4 Nf6 2.c4 g6 3.Nc3 Bg7 4.e4 d6 5.f3 O-O 6.Be3 c5 7.Nge2 Nc6 8.d5 Ne5 
9.Ng3 h5 10.Be2 h4 11.Nf1 e6 12.h3 exd5 13.cxd5 b5 14.Qd2 Nc4 15.Bxc4 bxc4
16.Bg5 Rb8 17.Ne3 Re8 18.O-O Qe7 19.Rf2 Qf8 20.Bxh4 Nh5 21.Nxc4 Bd4 22.g4 
Ba6 23.Nxd6 Qxd6 24.gxh5 Qe5 25.Nd1 Qxh5 26.Qg5 Qh8 27.Kg2 Bxf2 28.Bxf2 
Be2 29.Bxc5 Bxd1 30.Rxd1 Rxb2+ 31.Kg3 Qc3 32.Bd4 Qc7+ 33.Kh4 Rb4 34.Qf6 
Rxd4 35.Rxd4 Qh2 36.Rd1 Re5 37.Kg4 Rh5 38.h4 Qg2+ 39.Kf4 Qc2 40.Rh1 Qxa2 
41.d6 Qf2 42.Qd8+ Kh7 43.d7 g5+ 44.hxg5 Rxh1 45.Qe7 Rh4+ 46.Ke5 Qb2+ 47.
Kd5 Qb3+ 48.Kd4 Rh1 49.Ke5 Rd1 50.d8=Q Rxd8 51.Qxd8 Qxf3 52.Qd7 Qg3+ 53.
Kf6 Qf4+ 54.Qf5+ Qxf5+ 55.exf5 Kg8 56.Ke5 Kf8 57.Kd6 a5 58.Kc5 Ke7 59.Kb5 
Kd6 1/2-1/2

[Event "15th EUR-ch (w)"]
[Site "Plovdiv BUL"]
[Date "2014.07.10"]
[Round "5.48"]
[White "Shadrina, Tatiana"]
[Black "Mammadova, Narmin"]
[Result "1-0"]
[WhiteElo "2348"]
[BlackElo "2019"]
[EventDate "2014.07.06"]
[PlyCount "147"]

1.e4 c6 2.d4 d5 3.exd5 cxd5 4.Bd3 Nc6 5.c3 Nf6 6.h3 g6 7.Nf3 Bg7 8.O-O O-O
9.Bf4 Nh5 10.Bh2 Bh6 11.Kh1 Bf4 12.Nbd2 Bxh2 13.Nxh2 e5 14.dxe5 Nxe5 15.
Ndf3 Nc6 16.Bc2 Nf4 17.Qd2 Qf6 18.Rad1 h5 19.Rfe1 a6 20.Re3 Bf5 21.Bxf5 
Qxf5 22.Nd4 Nxd4 23.cxd4 Qd7 24.Rg3 Qd6 25.Nf3 Kh7 26.Ne5 Ne6 27.Qd3 Ng7 
28.Rf3 Kg8 29.Rc1 Rae8 30.g4 hxg4 31.hxg4 Rxe5 32.dxe5 Qxe5 33.Rc5 Rd8 34.
Qc3 Qg5 35.Rc7 Qh4+ 36.Kg1 Qxg4+ 37.Kf1 Nf5 38.Rxb7 Re8 39.Qc7 Rf8 40.Qf4 
Qh5 41.Kg1 Re8 42.Rb8 Rxb8 43.Qxb8+ Kg7 44.Qf4 d4 45.b4 d3 46.Rxd3 Qe2 47.
Qd2 Qg4+ 48.Kf1 Qh4 49.Qc3+ f6 50.Rd7+ Kh6 51.Qd2+ g5 52.Qd3 Qh1+ 53.Ke2 
Qh5+ 54.Kd2 Qg4 55.Kc3 Qf4 56.Qh3+ Nh4 57.Qe3 Qf5 58.Qd3 Qe5+ 59.Kc2 Ng6 
60.a4 Qf4 61.Qd4 Qf5+ 62.Kb2 Ne5 63.Rd6 Qf3 64.Qxe5 Qxf2+ 65.Kc3 Qf3+ 66.
Kc4 Qf1+ 67.Kc5 Qf2+ 68.Qd4 Qc2+ 69.Kb6 Kh5 70.Qxf6 Qxa4 71.Qg6+ Kg4 72.
Rd4+ Kh3 73.Qf5+ Kg2 74.Rg4+ 1-0

[Event "15th EUR-ch (w)"]
[Site "Plovdiv BUL"]
[Date "2014.07.10"]
[Round "5.49"]
[White "Ionescu, Irina"]
[Black "Olea, Liliana"]
[Result "1-0"]
[WhiteElo "2253"]
[BlackElo "1951"]
[EventDate "2014.07.06"]
[PlyCount "61"]

1.e4 e5 2.Nf3 Nc6 3.Bc4 Bc5 4.c3 Nf6 5.d3 d6 6.Nbd2 a6 7.Bb3 O-O 8.h3 Ba7 
9.Nf1 d5 10.Qe2 dxe4 11.dxe4 Nh5 12.g3 Kh8 13.Ng5 Nf6 14.Nxf7+ Rxf7 15.
Bxf7 Qf8 16.Bd5 Ne7 17.Be3 Nexd5 18.exd5 Nxd5 19.Bxa7 Rxa7 20.O-O-O c6 21.
Ne3 Be6 22.Nxd5 Bxd5 23.Rhe1 Ra8 24.Qxe5 Qxf2 25.Rd2 Qf8 26.Qe7 h6 27.Qxb7
Re8 28.Red1 Rb8 29.Qc7 a5 30.c4 Bxc4 31.Rd8 1-0

[Event "15th EUR-ch (w)"]
[Site "Plovdiv BUL"]
[Date "2014.07.10"]
[Round "5.50"]
[White "Bokuchava, Madona"]
[Black "Blagojevic, Tijana"]
[Result "0-1"]
[WhiteElo "2027"]
[BlackElo "2154"]
[EventDate "2014.07.06"]
[PlyCount "162"]

1.d4 d5 2.c4 c6 3.Nf3 Nf6 4.e3 Bg4 5.h3 Bh5 6.Nbd2 e6 7.Bd3 Nbd7 8.O-O Bd6
9.Qb3 Qc7 10.Re1 O-O 11.e4 dxe4 12.Bxe4 Nxe4 13.Nxe4 Be7 14.Bd2 Rad8 15.
Ng3 Bg6 16.Rad1 Qb6 17.Qxb6 Nxb6 18.Ba5 Bf6 19.b3 Rd7 20.Ne5 Bxe5 21.Rxe5 
Rfd8 22.Ne2 Rb8 23.Nf4 Nc8 24.g4 b5 25.cxb5 Rxb5 26.Rxb5 cxb5 27.f3 Ne7 
28.h4 e5 29.Ne2 h5 30.Rd2 Nc6 31.Bc3 exd4 32.Nxd4 Ne5 33.gxh5 Bxh5 34.f4 
b4 35.Bb2 Ng6 36.f5 Nxh4 37.Rf2 a6 38.Kf1 Rd5 39.Rf4 g5 40.fxg6 Nxg6 41.
Rf6 Ra5 42.Nf5 Rxa2 43.Nh6+ Kf8 44.Rxf7+ Ke8 45.Rf2 Bd1 46.Nf5 Bxb3 47.
Re2+ Kd7 48.Rd2+ Kc7 49.Ne3 a5 50.Ke1 Kc6 51.Nf5 Kb5 52.Nd6+ Kc6 53.Nf5 
Bd5 54.Ne3 Be4 55.Bd4 Ra4 56.Nc4 b3 57.Nb2 Ra1+ 58.Nd1 Rc1 59.Bb2 Rb1 60.
Ba3 Nf4 61.Kf2 Nd5 62.Ne3 Nxe3 63.Kxe3 Bd5 64.Kd4 Ra1 65.Bb2 Rb1 66.Kc3 
Rg1 67.Ba3 Rg5 68.Kb2 Kb5 69.Be7 Rf5 70.Bd6 Kc4 71.Ba3 Rf1 72.Re2 Rh1 73.
Bd6 Kd3 74.Rh2 Re1 75.Bc7 a4 76.Bd6 Kc4 77.Rh4+ Be4 78.Be5 Re2+ 79.Kc1 a3 
80.Bf4 b2+ 81.Kd1 b1=Q+ 0-1

[Event "15th EUR-ch (w)"]
[Site "Plovdiv BUL"]
[Date "2014.07.10"]
[Round "5.51"]
[White "Sop, Selen"]
[Black "Paramzina, Anastasia"]
[Result "0-1"]
[WhiteElo "1970"]
[BlackElo "2117"]
[EventDate "2014.07.06"]
[PlyCount "82"]

1.e4 c5 2.Nf3 d6 3.Bb5+ Bd7 4.Bxd7+ Qxd7 5.c4 Nc6 6.Nc3 Nf6 7.d4 cxd4 8.
Nxd4 g6 9.f3 Bg7 10.Be3 O-O 11.O-O Rfc8 12.b3 Qd8 13.Nde2 a6 14.Rc1 Nd7 
15.Qd2 Rab8 16.a4 Na5 17.Rb1 b6 18.Bh6 Bxh6 19.Qxh6 Qf8 20.Qg5 Nc6 21.f4 
Qg7 22.Rbd1 Rb7 23.Rf3 Nc5 24.Qg4 Rf8 25.Nd5 b5 26.axb5 axb5 27.b4 Ne6 28.
cxb5 Rxb5 29.Rc3 Ned8 30.Qh4 f5 31.exf5 Rxf5 32.Ne3 Rf8 33.f5 Rxb4 34.Qh3 
Nd4 35.Nxd4 Rxd4 36.Rdc1 Qe5 37.Ng4 Qf4 38.fxg6 hxg6 39.Nh6+ Kg7 40.Rc7 
Qf2+ 41.Kh1 Qf1+ 0-1

[Event "15th EUR-ch (w)"]
[Site "Plovdiv BUL"]
[Date "2014.07.10"]
[Round "5.52"]
[White "Radeva, Viktoria"]
[Black "Sazonova, Anastasia"]
[Result "1/2-1/2"]
[WhiteElo "1937"]
[BlackElo "2082"]
[EventDate "2014.07.06"]
[PlyCount "105"]

1.e4 c5 2.Nf3 Nc6 3.d4 cxd4 4.Nxd4 Nf6 5.Nc3 d6 6.f3 e5 7.Nb3 Be7 8.Be3 
O-O 9.Qd2 a5 10.Bb5 Be6 11.O-O Na7 12.Be2 Nc8 13.Rad1 Nb6 14.Nc1 d5 15.
exd5 Nbxd5 16.Nxd5 Nxd5 17.Bd3 Nxe3 18.Qxe3 Qc7 19.Kh1 Qc5 20.Qxc5 Bxc5 
21.Be4 Be7 22.b3 Rac8 23.c4 b6 24.Ne2 Bb4 25.h3 Rfd8 26.g4 g6 27.f4 f5 28.
gxf5 gxf5 29.Bb7 Rb8 30.Rxd8+ Rxd8 31.fxe5 Rd2 32.Nf4 Bf7 33.e6 Bg6 34.Bd5
Kf8 35.Rg1 Kg7 36.Rg2 Rd1+ 37.Rg1 Rd2 38.Nh5+ Kf8 39.Nf6 Ke7 40.Nxh7 Bxh7 
41.Rg7+ Kf6 42.Rxh7 Re2 43.h4 Kg6 44.Rh8 Bc5 45.h5+ Kg7 46.Rc8 f4 47.Rc7+ 
Kh6 48.Rf7 Kg5 49.h6 Kxh6 50.Rxf4 Kg5 51.Rf7 Kh4 52.Rh7+ Kg3 53.Rg7+ 
1/2-1/2

[Event "15th EUR-ch (w)"]
[Site "Plovdiv BUL"]
[Date "2014.07.10"]
[Round "5.53"]
[White "Salimova, Nurgyul"]
[Black "Shabanaj, Eglantina"]
[Result "1/2-1/2"]
[WhiteElo "1908"]
[BlackElo "2046"]
[EventDate "2014.07.06"]
[PlyCount "106"]

1.d4 Nf6 2.c4 g6 3.Nc3 d5 4.Nf3 Bg7 5.Bg5 c6 6.e3 Qa5 7.Nd2 O-O 8.Nb3 Qd8 
9.Bd3 b6 10.O-O Bb7 11.Rc1 Nbd7 12.Qe2 Re8 13.cxd5 Nxd5 14.Ne4 N7f6 15.Nc3
a5 16.Bxf6 exf6 17.Nxd5 Qxd5 18.Bc4 Qd6 19.Rfd1 a4 20.Nd2 b5 21.Bd3 f5 22.
Qf3 Re7 23.Rc5 Rae8 24.b4 f4 25.Ne4 Qb8 26.Rc3 fxe3 27.Nf6+ Bxf6 28.Qxf6 
exf2+ 29.Qxf2 Qd6 30.Rc5 Re3 31.Bf1 R3e4 32.a3 Re3 33.Qb2 Qf6 34.Qc1 R3e4 
35.d5 cxd5 36.Bxb5 R8e7 37.Bf1 d4 38.Rc7 Kg7 39.Rxe7 Qxe7 40.Qc4 Qg5 41.
Qb5 Qe3+ 42.Kh1 Re7 43.Qb6 Rd7 44.Qb5 Re7 45.Qb6 Rd7 46.Qb5 Rc7 47.Qb6 
Bxg2+ 48.Bxg2 Rc1 49.Rf1 Rxf1+ 50.Bxf1 Qf3+ 51.Kg1 Qe3+ 52.Kg2 Qe4+ 53.Kg1
Qe3+ 1/2-1/2

[Event "15th EUR-ch (w)"]
[Site "Plovdiv BUL"]
[Date "2014.07.10"]
[Round "5.54"]
[White "Ivanova, Simoneta"]
[Black "Soyunlu, Narmin"]
[Result "1-0"]
[WhiteElo "2038"]
[BlackElo "1936"]
[EventDate "2014.07.06"]
[PlyCount "65"]

1.d4 d5 2.Bf4 Nf6 3.e3 Bf5 4.c4 c6 5.Nc3 e6 6.Qb3 b6 7.Rc1 Bd6 8.Bxd6 Qxd6
9.cxd5 exd5 10.Nf3 Nbd7 11.Be2 O-O 12.O-O Rfe8 13.Rfd1 Ne4 14.Qa4 b5 15.
Qa6 Nb6 16.Nxe4 dxe4 17.Ne5 Bd7 18.Rc5 f6 19.Nxd7 Qxd7 20.d5 cxd5 21.Bxb5 
Qe7 22.Rdc1 Red8 23.Rc7 Qb4 24.Qb7 Qf8 25.Ba6 d4 26.Qxe4 dxe3 27.Qxe3 Kh8 
28.Bb7 Rab8 29.h4 Qd6 30.Be4 Re8 31.Qf3 g6 32.Rxh7+ Kxh7 33.Qh5+ 1-0

[Event "15th EUR-ch (w)"]
[Site "Plovdiv BUL"]
[Date "2014.07.10"]
[Round "5.55"]
[White "Vasova, Maria"]
[Black "Antova, Gabriela"]
[Result "0-1"]
[WhiteElo "1991"]
[BlackElo "1876"]
[EventDate "2014.07.06"]
[PlyCount "68"]

1.Nf3 c5 2.c4 d6 3.g3 g6 4.Bg2 Bg7 5.O-O e5 6.Nc3 Ne7 7.d3 O-O 8.Ne1 Nbc6 
9.Nc2 Be6 10.Ne3 Qd7 11.Ned5 Kh8 12.Bd2 Bh3 13.Bxh3 Qxh3 14.Ne4 Nxd5 15.
cxd5 Ne7 16.Nxd6 Qd7 17.Ne4 Qxd5 18.Qb3 b6 19.Qxd5 Nxd5 20.Rac1 Rfd8 21.
Rc4 Kg8 22.Rfc1 a5 23.Nc3 Nc7 24.a3 Ne6 25.b4 Bf8 26.Nb5 axb4 27.axb4 Ra2 
28.Bc3 cxb4 29.Bxb4 Rxe2 30.Bxf8 Kxf8 31.Rc6 Rxd3 32.Nc3 Rb2 33.Ne4 Kg7 
34.h4 Nd4 0-1

[Event "15th EUR-ch (w)"]
[Site "Plovdiv BUL"]
[Date "2014.07.10"]
[Round "5.56"]
[White "Krasteva, Beloslava"]
[Black "Litvinenko, Ekaterina"]
[Result "0-1"]
[WhiteElo "1361"]
[BlackElo "1978"]
[EventDate "2014.07.06"]
[PlyCount "76"]

1.e4 e5 2.Nf3 Nc6 3.Bc4 Nf6 4.d3 Be7 5.c3 O-O 6.b4 a6 7.a4 d5 8.exd5 Nxd5 
9.Qb3 Nb6 10.Nbd2 Nxc4 11.dxc4 Bf5 12.O-O e4 13.Ne1 Bg5 14.Qb2 Bg6 15.f4 
exf3 16.Ndxf3 Bf6 17.Nc2 Qd3 18.Ncd4 Nxd4 19.Nxd4 Qxc4 20.Rxf6 gxf6 21.Bh6
Rfd8 22.Rf1 Rd6 23.Qd2 Qd3 24.Qf4 Qxc3 25.Nf5 Bxf5 26.Qxf5 Qd4+ 27.Kh1 Qd3
28.Qg4+ Qg6 29.Qxg6+ fxg6 30.Bf4 Rd4 31.Bxc7 Rxb4 32.a5 Rc8 33.Bb6 Rbc4 
34.g3 Rc1 35.Rxc1 Rxc1+ 36.Kg2 Kf7 37.Kf3 Ke6 38.Ke4 f5+ 0-1

[Event "15th EUR-ch (w)"]
[Site "Plovdiv BUL"]
[Date "2014.07.10"]
[Round "5.57"]
[White "Balimezova, Margarita"]
[Black "Shivacheva, Donika"]
[Result "0-1"]
[WhiteElo "1631"]
[BlackElo "1790"]
[EventDate "2014.07.06"]
[PlyCount "102"]

1.d4 c5 2.e3 d5 3.b3 Nf6 4.Bd3 Nc6 5.Nf3 Bg4 6.Bb2 Qc7 7.a3 e6 8.h3 Bh5 9.
O-O Bd6 10.Nbd2 e5 11.dxe5 Nxe5 12.Be2 Bg6 13.Nxe5 Bxe5 14.Bb5+ Ke7 15.
Bxe5 Qxe5 16.Nf3 Qd6 17.Nh4 a6 18.Nxg6+ hxg6 19.Be2 g5 20.Bf3 Rh4 21.c4 g4
22.Bxd5 Rah8 23.Bxb7 Qc7 24.Bd5 Rxh3 25.gxh3 Rxh3 26.Re1 Qh2+ 27.Kf1 g3 
28.Bg2 gxf2 29.Bxh3 Qxh3+ 30.Kxf2 Ne4+ 31.Ke2 Nc3+ 32.Kd3 Nxd1 33.Raxd1 g5
34.Rg1 g4 35.Rh1 Qg2 36.b4 Qb2 37.bxc5 Qxa3+ 38.Kd4 a5 39.e4 Ke6 40.Rd3 
Qb2+ 41.Rc3 g3 42.c6 g2 43.c7 Kd7 44.Rd1 g1=Q+ 45.Rxg1 Qf2+ 46.Kd5 Qxg1 
47.Ra3 Kxc7 48.c5 Qg5+ 49.Kc4 Qc1+ 50.Rc3 Qb1 51.Kd5 Qa2+ 0-1

[Event "15th EUR-ch (w)"]
[Site "Plovdiv BUL"]
[Date "2014.07.10"]
[Round "5.58"]
[White "Brezalieva, Steliyana"]
[Black "Vasileva, Cveta"]
[Result "1/2-1/2"]
[WhiteElo "1456"]
[BlackElo "1598"]
[EventDate "2014.07.06"]
[PlyCount "76"]

1.d4 d5 2.c4 dxc4 3.e3 Nf6 4.Bxc4 g6 5.Nc3 c6 6.a3 b5 7.Ba2 Bg7 8.Nf3 O-O 
9.O-O a5 10.Bd2 Nbd7 11.h3 Bb7 12.Re1 e6 13.Ne2 c5 14.Ng3 Qb6 15.dxc5 Nxc5
16.Bc3 Bxf3 17.gxf3 Rfd8 18.Qe2 Nd5 19.Bxg7 Kxg7 20.Red1 Na4 21.Bxd5 Rxd5 
22.Rxd5 exd5 23.Rc1 Rb8 24.Qd2 Qe6 25.b3 Nb6 26.Qxa5 Nd7 27.Qc3+ Kh6 28.
Kg2 Nf8 29.Qc6 Kg7 30.Qxe6 fxe6 31.Ne2 Ra8 32.Ra1 e5 33.a4 Ne6 34.Nc3 Nc7 
35.Rd1 bxa4 36.bxa4 Kf6 37.Nxd5+ Nxd5 38.Rxd5 Rxa4 1/2-1/2

[Event "15th EUR-ch (w)"]
[Site "Plovdiv BUL"]
[Date "2014.07.11"]
[Round "6.1"]
[White "Gunina, Valentina"]
[Black "Dzagnidze, Nana"]
[Result "1-0"]
[WhiteElo "2501"]
[BlackElo "2541"]
[EventDate "2014.07.06"]
[PlyCount "61"]

1.d4 Nf6 2.c4 e6 3.Nc3 Bb4 4.Qc2 O-O 5.a3 Bxc3+ 6.Qxc3 b6 7.Bg5 Bb7 8.e3 
d6 9.Nf3 Nbd7 10.Nd2 Rc8 11.Bd3 c5 12.O-O cxd4 13.Qxd4 Rc5 14.f4 h6 15.Bh4
e5 16.Qxd6 exf4 17.exf4 Qa8 18.Nf3 Rd8 19.Rad1 Bxf3 20.gxf3 Re8 21.b4 Rh5 
22.Bg3 Nf8 23.f5 N8h7 24.c5 Rd8 25.Be4 Rxd6 26.Bxa8 Rxd1 27.Rxd1 bxc5 28.
bxc5 Rxf5 29.c6 Nd5 30.c7 Nxc7 31.Rd8+ 1-0

[Event "15th EUR-ch (w)"]
[Site "Plovdiv BUL"]
[Date "2014.07.11"]
[Round "6.2"]
[White "Girya, Olga"]
[Black "Zhukova, Natalia"]
[Result "1/2-1/2"]
[WhiteElo "2493"]
[BlackElo "2451"]
[EventDate "2014.07.06"]
[PlyCount "91"]

1.Nf3 Nf6 2.d4 e6 3.c4 Bb4+ 4.Bd2 a5 5.Nc3 b6 6.e3 Bxc3 7.Bxc3 Ne4 8.Qc2 
Bb7 9.Bd3 Nxc3 10.Qxc3 O-O 11.Rd1 d6 12.Qc2 h6 13.d5 Na6 14.Qe2 Nc5 15.Bb1
e5 16.O-O f5 17.Qc2 Qf6 18.Ne1 c6 19.f4 cxd5 20.cxd5 e4 21.Rd4 Rac8 22.Qd1
Rc7 23.Rf2 Rfc8 24.Rc2 Qf7 25.h3 Ba6 26.Kh2 Qe8 27.b4 Na4 28.Rc6 Bb5 29.
bxa5 Bxc6 30.dxc6 Nc5 31.axb6 Rxc6 32.a4 Rxb6 33.Ba2+ Kh8 34.a5 Ra6 35.Nc2
Rxa5 36.Nb4 Nd3 37.Bb3 Rc1 38.Qd2 Raa1 39.Rxd6 Qe7 40.Re6 Rh1+ 41.Kg3 Qxb4
42.Re8+ Kh7 43.Bg8+ Kh8 44.Be6+ Kh7 45.Bg8+ Kh8 46.Be6+ 1/2-1/2

[Event "15th EUR-ch (w)"]
[Site "Plovdiv BUL"]
[Date "2014.07.11"]
[Round "6.3"]
[White "Kosintseva, Tatiana"]
[Black "Khurtsidze, Nino"]
[Result "1/2-1/2"]
[WhiteElo "2476"]
[BlackElo "2460"]
[EventDate "2014.07.06"]
[PlyCount "81"]

1.e4 c5 2.Nf3 e6 3.d4 cxd4 4.Nxd4 a6 5.Nc3 Qc7 6.Bd3 Nf6 7.O-O d6 8.a4 b6 
9.f4 Be7 10.Qf3 Nbd7 11.Be3 Bb7 12.f5 e5 13.Nb3 O-O 14.Rad1 Rfe8 15.Nd2 
Nc5 16.Bg5 Nxd3 17.Qxd3 Ng4 18.Bxe7 Qc5+ 19.Kh1 Rxe7 20.Qe2 Nf6 21.Nc4 d5 
22.Nxd5 Bxd5 23.exd5 Nxd5 24.Rxd5 Qxd5 25.Nxb6 Qc6 26.Nxa8 Qxa8 27.f6 Re6 
28.Qg4 g6 29.Qg5 Qd8 30.h3 e4 31.Qe3 Rxf6 32.Rxf6 Qxf6 33.Qxe4 Qxb2 34.
Qa8+ Kg7 35.Qxa6 Qc1+ 36.Kh2 Qf4+ 37.Kg1 Qe3+ 38.Kh1 Qc1+ 39.Kh2 Qf4+ 40.
Kg1 Qe3+ 41.Kh1 1/2-1/2

[Event "15th EUR-ch (w)"]
[Site "Plovdiv BUL"]
[Date "2014.07.11"]
[Round "6.4"]
[White "Socko, Monika"]
[Black "Javakhishvili, Lela"]
[Result "0-1"]
[WhiteElo "2462"]
[BlackElo "2474"]
[EventDate "2014.07.06"]
[PlyCount "148"]

1.d4 Nf6 2.c4 e6 3.Nc3 Bb4 4.Nf3 d5 5.Qb3 c5 6.dxc5 Nc6 7.Bg5 h6 8.Bxf6 
Qxf6 9.cxd5 exd5 10.e3 O-O 11.Bb5 d4 12.Bxc6 dxc3 13.Qxb4 cxb2 14.Rb1 bxc6
15.Qxb2 Qg6 16.O-O Bh3 17.Nh4 Qh5 18.Qb4 Bg4 19.h3 Be6 20.Qa4 Qxc5 21.Rfc1
Qh5 22.Rb4 c5 23.Re4 Qe2 24.Nf3 Rab8 25.Qd1 Qxd1+ 26.Rxd1 Bxa2 27.Ra1 Rb1+
28.Rxb1 Bxb1 29.Ra4 Ra8 30.Kf1 Bd3+ 31.Ke1 a5 32.Kd2 Bb5 33.Ra1 a4 34.Kc3 
Bc6 35.Kc4 Ra5 36.Ne1 Kf8 37.f3 Bd7 38.Nc2 Be6+ 39.Kc3 Bb3 40.e4 Bxc2 41.
Kxc2 Ke7 42.f4 Kd6 43.Kc3 Kc6 44.Kc4 a3 45.Kb3 Kb5 46.Ka2 Ra7 47.Rd1 c4 
48.e5 c3 49.Kb3 a2 50.Ra1 c2 51.Kxc2 Kc4 52.Kb2 Kd4 53.g3 Ke4 54.Re1+ Kf3 
55.Ka1 Kxg3 56.Rg1+ Kxf4 57.Rxg7 Kxe5 58.Rh7 Kf4 59.h4 Ra6 60.Rxf7+ Kg4 
61.Rc7 Kxh4 62.Rc4+ Kg5 63.Rc8 h5 64.Rg8+ Kf4 65.Rf8+ Kg4 66.Rg8+ Kh3 67.
Rc8 Ra3 68.Rh8 h4 69.Rg8 Kh2 70.Rg7 h3 71.Rc7 Kg2 72.Rg7+ Rg3 73.Rc7 h2 
74.Rc2+ Kh3 0-1

[Event "15th EUR-ch (w)"]
[Site "Plovdiv BUL"]
[Date "2014.07.11"]
[Round "6.5"]
[White "Hoang Thanh Trang"]
[Black "Pahtz, Elisabeth"]
[Result "1-0"]
[WhiteElo "2490"]
[BlackElo "2456"]
[EventDate "2014.07.06"]
[PlyCount "113"]

1.d4 Nf6 2.Bg5 c6 3.Nf3 Qb6 4.b3 Ne4 5.Bf4 e5 6.Bxe5 Bb4+ 7.Nbd2 Nxd2 8.
Nxd2 f6 9.Bg3 Qxd4 10.Rb1 d5 11.e3 Qc3 12.Bd3 O-O 13.Qc1 Nd7 14.a3 Be7 15.
b4 f5 16.O-O Qf6 17.Nf3 Nb6 18.Be5 Qf7 19.Qb2 Bf6 20.Rfc1 Be6 21.Bxf6 Qxf6
22.Qxf6 Rxf6 23.Nd4 Re8 24.g3 g6 25.a4 a6 26.a5 Nd7 27.h4 Ne5 28.Be2 Bf7 
29.Nb3 Re7 30.Nc5 Kg7 31.f4 Nc4 32.Bxc4 dxc4 33.Kf2 h6 34.Rd1 Bd5 35.Na4 
Rfe6 36.Re1 Be4 37.Nc5 Rd6 38.Nxe4 Rxe4 39.Rbd1 Rd5 40.Rxd5 cxd5 41.Rd1 c3
42.Rd4 b5 43.axb6 Re6 44.Rxd5 Rxb6 45.Ke2 Rxb4 46.Rd7+ Kf6 47.Rd6+ Kf7 48.
Rxa6 Rb2 49.Kd3 Rb1 50.Kxc3 Rg1 51.h5 Rxg3 52.hxg6+ Rxg6 53.Rxg6 Kxg6 54.
Kd3 h5 55.Ke2 Kf7 56.Kf3 h4 57.Kg2 1-0

[Event "15th EUR-ch (w)"]
[Site "Plovdiv BUL"]
[Date "2014.07.11"]
[Round "6.6"]
[White "Muzychuk, Maria"]
[Black "Bodnaruk, Anastasia"]
[Result "1-0"]
[WhiteElo "2521"]
[BlackElo "2429"]
[EventDate "2014.07.06"]
[PlyCount "91"]

1.e4 c5 2.Nf3 d6 3.Bb5+ Bd7 4.Bxd7+ Qxd7 5.O-O Nc6 6.c3 Nf6 7.d4 Nxe4 8.d5
Ne5 9.Re1 Nf6 10.Nxe5 dxe5 11.c4 g6 12.Rxe5 Bg7 13.Nc3 O-O 14.Re2 Qg4 15.
Qb3 Rfe8 16.h3 Qd7 17.Bf4 e6 18.dxe6 Rxe6 19.Rxe6 fxe6 20.Rd1 Qf7 21.Qb5 
b6 22.Qc6 Rf8 23.Be3 h6 24.Rd6 g5 25.Rxe6 g4 26.Nd5 gxh3 27.Nxf6+ Bxf6 28.
gxh3 Bg5 29.Qe4 Kh8 30.h4 Bf6 31.Bxh6 Bd4 32.Be3 Bg7 33.Rg6 Rg8 34.Qg4 
Qxg6 35.Qxg6 Bxb2 36.Qxg8+ Kxg8 37.Kg2 Kf7 38.Kf3 a6 39.a4 Ke6 40.Ke4 Kd6 
41.h5 Kc6 42.h6 Kd6 43.Bf4+ Ke6 44.h7 Bd4 45.Bc7 Kf7 46.Be5 1-0

[Event "15th EUR-ch (w)"]
[Site "Plovdiv BUL"]
[Date "2014.07.11"]
[Round "6.7"]
[White "Batsiashvili, Nino"]
[Black "Pogonina, Natalia"]
[Result "1-0"]
[WhiteElo "2417"]
[BlackElo "2508"]
[EventDate "2014.07.06"]
[PlyCount "177"]

1.d4 Nf6 2.c4 e6 3.Nf3 d5 4.Nc3 Be7 5.Bf4 O-O 6.e3 b6 7.cxd5 Nxd5 8.Nxd5 
exd5 9.Bd3 c5 10.b3 Nc6 11.O-O Be6 12.Rc1 a5 13.Qe2 h6 14.Rfd1 Qc8 15.Bb5 
Qb7 16.dxc5 bxc5 17.h3 Qb6 18.Rd2 Na7 19.Ba4 Rac8 20.Ne5 Rfd8 21.e4 d4 22.
Nc4 Qa6 23.Rd3 Nb5 24.Bd2 Nc3 25.Bxc3 dxc3 26.Rcxc3 Rd4 27.Na3 Qb7 28.Rxd4
cxd4 29.Rxc8+ Qxc8 30.Nc4 Bb4 31.Bb5 Qc5 32.a4 Bc3 33.Qd1 Qg5 34.Kf1 Qf4 
35.Bc6 Qh2 36.e5 Bf5 37.Ke2 Qf4 38.g4 Be4 39.Bxe4 Qxe4+ 40.Kf1 Qh1+ 41.Ke2
Qe4+ 42.Kf1 d3 43.f3 Qd4 44.h4 h5 45.gxh5 Bb4 46.Kg2 Qc3 47.Kf1 Qd4 48.Kg2
d2 49.Kf1 Qd3+ 50.Kg2 Bc3 51.Kf2 Kh7 52.Kg2 Bb4 53.Kf2 Kh6 54.Kg2 Kxh5 55.
e6 fxe6 56.Ne5 Qf5 57.f4+ Kh6 58.Kg3 Bc3 59.Ng4+ Kh7 60.Ne3 Qc5 61.Qc2+ 
Kg8 62.Qd3 Bb4 63.Qd8+ Kf7 64.Qd7+ Qe7 65.Qxe7+ Bxe7 66.Kf3 Bc5 67.Nd1 Kg6
68.Ke2 Bb4 69.Ne3 Kh5 70.f5 e5 71.Nd5 Bc5 72.Kxd2 Kg4 73.f6 gxf6 74.Nxf6+ 
Kf4 75.Kd3 Kf5 76.Ne4 Bb4 77.h5 Bf8 78.Nd2 Bb4 79.Nc4 e4+ 80.Ke3 Bc5+ 81.
Ke2 Bb4 82.h6 Kg6 83.Ke3 Kxh6 84.Kxe4 Kg5 85.Kd5 Kf5 86.Kc6 Ke4 87.Kb5 Kd3
88.Nxa5 Kc3 89.Nc6 1-0

[Event "15th EUR-ch (w)"]
[Site "Plovdiv BUL"]
[Date "2014.07.11"]
[Round "6.8"]
[White "Goriachkina, Alexandra"]
[Black "Stefanova, Antoaneta"]
[Result "0-1"]
[WhiteElo "2434"]
[BlackElo "2488"]
[EventDate "2014.07.06"]
[PlyCount "88"]

1.d4 g6 2.c4 Bg7 3.Nf3 d6 4.g3 Bd7 5.Bg2 Qc8 6.O-O Bh3 7.Qb3 Bxg2 8.Kxg2 
Nf6 9.Nc3 O-O 10.Bg5 Nc6 11.d5 Na5 12.Qa4 b6 13.h3 Nd7 14.Rac1 h6 15.Be3 
c5 16.Bd2 a6 17.e4 Qc7 18.Nd1 Rfb8 19.h4 Nb7 20.Qc2 b5 21.Ne3 Na5 22.cxb5 
axb5 23.b3 Nf6 24.Bc3 Qd7 25.Rfd1 Rc8 26.Nh2 c4 27.b4 Nb7 28.f4 Ra3 29.e5 
Nh5 30.e6 Qe8 31.Bxg7 Rxe3 32.Nf1 Ra3 33.Bc3 fxe6 34.dxe6 Rca8 35.Ra1 Nd8 
36.Ne3 Nxe6 37.Nd5 Nf8 38.Kh2 Qf7 39.Qd2 e6 40.Ne3 Nf6 41.Qd4 e5 42.fxe5 
Ne6 43.Qb6 Ne4 44.Be1 Qf3 0-1

[Event "15th EUR-ch (w)"]
[Site "Plovdiv BUL"]
[Date "2014.07.11"]
[Round "6.9"]
[White "Danielian, Elina"]
[Black "Nikolova, Adriana"]
[Result "1/2-1/2"]
[WhiteElo "2458"]
[BlackElo "2303"]
[EventDate "2014.07.06"]
[PlyCount "129"]

1.d4 Nf6 2.Nf3 c5 3.e3 g6 4.c4 Bg7 5.Nc3 cxd4 6.exd4 d5 7.cxd5 Nxd5 8.Qb3 
Nb6 9.Bb5+ Bd7 10.a4 Bxb5 11.axb5 O-O 12.O-O N8d7 13.Ne4 Nf6 14.Nc5 Qd5 
15.Qc2 Nbd7 16.Be3 Rfc8 17.Qe2 b6 18.Nxd7 Nxd7 19.Rfc1 Rxc1+ 20.Rxc1 e5 
21.Rd1 e4 22.Nd2 f5 23.Nb1 Rc8 24.Nc3 Qf7 25.h3 h6 26.f4 Qc4 27.Qf2 Qb3 
28.Qd2 Kf7 29.Kh2 Bf6 30.Ra1 Rc7 31.g4 Qc4 32.gxf5 gxf5 33.Qd1 Qd3 34.Qxd3
exd3 35.Rd1 Rc4 36.Rxd3 Rb4 37.Rd2 Bh4 38.Rc2 Bf6 39.Rd2 Bh4 40.Bg1 Be1 
41.Rc2 Nf8 42.d5 Bxc3 43.bxc3 Rxb5 44.c4 Rb4 45.c5 bxc5 46.Rxc5 Nd7 47.Rc7
Ke8 48.Rxa7 Rxf4 49.Ra6 h5 50.Rh6 h4 51.Kg2 Ra4 52.Bf2 Ra5 53.d6 Ne5 54.
Bxh4 f4 55.Bf2 Kd7 56.Rf6 Ra2 57.Kf1 Ra1+ 58.Kg2 Ra2 59.Rxf4 Nd3 60.Rf8 
Nxf2 61.Rxf2 Rxf2+ 62.Kxf2 Kxd6 63.Kf3 Ke7 64.Kg4 Kf8 65.Kg5 1/2-1/2

[Event "15th EUR-ch (w)"]
[Site "Plovdiv BUL"]
[Date "2014.07.11"]
[Round "6.10"]
[White "Melia, Salome"]
[Black "Foisor, Cristina"]
[Result "1-0"]
[WhiteElo "2454"]
[BlackElo "2383"]
[EventDate "2014.07.06"]
[PlyCount "225"]

1.e4 d6 2.d4 Nf6 3.Nc3 e5 4.Nf3 Nbd7 5.Bc4 Be7 6.O-O O-O 7.a4 a5 8.h3 c6 
9.Ba2 exd4 10.Nxd4 Nb6 11.Qf3 d5 12.exd5 Nfxd5 13.Nxd5 cxd5 14.Rd1 Bf6 15.
Nb5 Be6 16.c3 Rc8 17.Be3 Nc4 18.Bxc4 Rxc4 19.Bd4 Bxd4 20.Rxd4 Rxd4 21.Nxd4
Qb6 22.Nb5 h6 23.Rd1 Re8 24.Qf4 Rc8 25.Rd4 Rc6 26.Qb8+ Rc8 27.Qe5 Rc6 28.
Kh2 Kh7 29.f4 f6 30.Qh5 g6 31.Qe2 Kg7 32.f5 gxf5 33.Rh4 Bf7 34.Nd4 Qc7+ 
35.Kh1 Rc4 36.Nxf5+ Kf8 37.Rxh6 Re4 38.Rh8+ Bg8 39.Qd2 Rf4 40.Ng3 Rxa4 41.
Qxd5 Qxg3 42.Rxg8+ Qxg8 43.Qd8+ Kg7 44.Qd7+ Qf7 45.Qxa4 Qd5 46.Qf4 Qb5 47.
Qf2 a4 48.Kh2 Qb3 49.Qe2 b5 50.h4 Qd5 51.Kh3 Kh6 52.Qg4 Qe5 53.Qf3 f5 54.
g3 Qc5 55.Qf4+ Kh7 56.h5 Qd5 57.Kh4 Qe6 58.Qc7+ Kh6 59.Qf4+ Kh7 60.Kg5 
Qh6+ 61.Kxf5 Qxh5+ 62.Ke6 Qe8+ 63.Kd5 b4 64.Qxb4 Qg8+ 65.Kc5 Qxg3 66.Qe4+ 
Kh6 67.Qc6+ Kh7 68.Qd7+ Kg8 69.Qd5+ Kh7 70.Kb4 Qf4+ 71.Ka3 Qc1 72.Qb7+ Kh8
73.Qc8+ Kh7 74.Qb7+ Kh8 75.Kxa4 Qa1+ 76.Kb3 Qd1+ 77.Kb4 Qd6+ 78.Kc4 Qe6+ 
79.Kb4 Qd6+ 80.Ka4 Qd1+ 81.b3 Qa1+ 82.Kb4 Qe1 83.Qc8+ Kh7 84.Qd7+ Kg8 85.
Qd5+ Kh7 86.Kc4 Qa1 87.b4 Qa2+ 88.Kc5 Qa7+ 89.Kb5 Qb8+ 90.Ka4 Qa7+ 91.Kb3 
Qa1 92.b5 Qb1+ 93.Ka4 Qa1+ 94.Kb4 Qb2+ 95.Qb3 Qf2 96.c4 Qe1+ 97.Qc3 Qb1+ 
98.Ka5 Qa2+ 99.Kb6 Qa8 100.Qd3+ Kh8 101.Qd4+ Kh7 102.Qd7+ Kh8 103.c5 Qb8+ 
104.Ka6 Qa8+ 105.Kb6 Qb8+ 106.Qb7 Qd8+ 107.Qc7 Qf6+ 108.c6 Qf2+ 109.Kb7 
Qf3 110.b6 Qf7 111.Kb8 Qf2 112.b7 Kg8 113.Kc8 1-0